000 00555nam a22001691cc4500
001 a987661531+Band1
035 _aa987661531
008 170707s1990 gw |||| 000u rus d
245 0 0 _aVneočerednoj tretij s'ezd narodnych deputatov SSSR
_nBand 1
264 _aMoskva :
_bIzd. Verchovnogo Soveta SSSR,
_c1990
300 _a421 S.
246 1 2 _aVneočerednoj tretij s'ezd narodnych deputatov SSSR : 12-15 marta 1990 g. ; Stenografičeskij otčet
_nBand 1
773 0 8 _wa987661531
_qBand1
942 _cMG
040 _cRU-10907106
003 RU-10907106
999 _c43659
_d43659